MDQL
is popping MORE tags! Check the
thread
!
Quizzes
Events
Quiz Creation
Community
Videos
Private Events
Remove Ads
Sign In
Join for FREE
Feedback
Dark Mode
Quiz Categories
Sports
Geography
Music
Movies
Television
Just For Fun
Miscellaneous
History
Literature
Language
Science
Gaming
Entertainment
Religion
Holiday
For Kids
Quiz Lab
Recent
Popular Today
Quiz Kudos Today
Editor Picks
Curator Picks
Quizzes by...
Day
Popularity
Type
Ratings
Length
Year
Community
Subscriptions
Recent Discussions
Orange Saloon
Badges
Playlists
Quests
Create
Leaderboards
Showdown
Live 5
Trivia Bingo
Activity
Puzzle Library
Sporcle Events
Private Events
Virtual Trivia
Globe League
Become a Host
Pub Owners
SporcleCon
Opinionation
Our Games
Videos
Blog
Mobile Apps
Partnerships
Remove Ads and Go Orange
Feedback
Sports
Athletes
MLB
NBA
NHL
NFL
Soccer
Sports Teams
WWE
NCAA
Football
Premier League
Basketball
Baseball
Hockey
Golf
Tennis
Cricket
Rugby
Auto Racing
Olympics
World Cup
Sports
Athletes
MLB
NBA
NHL
NFL
Soccer
Sports Teams
WWE
NCAA
Football
Premier League
Basketball
Baseball
Hockey
Golf
Tennis
Cricket
Rugby
Auto Racing
Olympics
World Cup
Random Quiz
Search Sporcle
×
Quiz Lab
Quiz Lab
Sports
NCAA
Type in answers that appear in a list
Type in answers that appear in a list
Classic
Best Score? Go Orange.
NCAA Basketball AP #1 Losses Stats
Can you name the NCAA Basketball Teams who have upset the #1 AP ranked team since 2000?
By
kylernelson1522
10m
98 Questions
141 Plays
141 Plays
141 Plays
Comments
Comments
Give Quiz Kudos
Give Quiz Kudos
-
- Ratings
hide this ad
Replay
Link that replays current quiz
Next Quiz
Link to next quiz in quiz playlist
You Got
0%
They Got
Avg Score
80%
Avg Friend Score
Upgrade to see
Score Distribution
Jump to the score distribution portion of the page
Score
0/98
Timer
10:00
0
Plays Today
Year
Upsetting School
% Correct
2006-
07
Kansas
95%
2007-
08
Kansas
95%
1999-
00
Arizona
94.3%
2000-
01
Arizona
94.3%
2010-
11
Wisconsin
93.6%
2013-
14
Duke
93.6%
2014-
15
Wisconsin
93.6%
1999-
00
UCLA
92.9%
2000-
01
UCLA
92.9%
2000-
01
Indiana
92.9%
2001-
02
Indiana
92.9%
2001-
02
UCLA
92.9%
2002-
03
UCLA
92.9%
2011-
12
Indiana
92.9%
2012-
13
Indiana
92.9%
2015-
16
UCLA
92.9%
1999-
00
Florida
92.2%
2006-
07
Florida
92.2%
2015-
16
West Virginia
92%
2001-
02
Oklahoma
90.1%
2009-
10
Northern Iowa
90.1%
2015-
16
Northern Iowa
90.1%
2005-
06
Syracuse
89.4%
2007-
08
Tennessee
89.4%
2009-
10
Tennessee
89.4%
2012-
13
Syracuse
89.4%
1999-
00
Iowa
88.7%
2000-
01
Stanford
88.7%
2002-
03
Stanford
88.7%
2003-
04
Stanford
88.7%
2015-
16
Iowa
88.7%
1999-
00
Saint Louis
87.9%
2002-
03
Kentucky
87.9%
Year
Upsetting School
% Correct
2004-
05
Illinois
87.9%
2008-
09
Pitt
87.9%
2008-
09
Pitt
87.9%
2010-
11
Kentucky
87.9%
2012-
13
Illinois
87.9%
2008-
09
Wake Forest
87.2%
2003-
04
Louisville
86.5%
2008-
09
Louisville
86.5%
2009-
10
Louisville
86.5%
2009-
10
UConn
85.1%
2013-
14
UConn
85.1%
2001-
02
Maryland
83.7%
2002-
03
Maryland
83.7%
2003-
04
Maryland
83.7%
2007-
08
Maryland
83.7%
2003-
04
Georgia Tech
83%
2006-
07
Oregon
81.6%
2000-
01
Purdue
80.9%
2003-
04
Alabama
80.1%
2003-
04
UNC
80.1%
2003-
04
Washington
80.1%
2004-
05
UNC
80.1%
2005-
06
UNC
80.1%
2006-
07
Virginia Tech
80.1%
2008-
09
Virginia Tech
80.1%
2010-
11
Virginia Tech
80.1%
2013-
14
UNC
80.1%
2012-
13
Minnesota
79.4%
2006-
07
Vanderbilt
78.7%
2007-
08
Vanderbilt
78.7%
2011-
12
Vanderbilt
78.7%
2006-
07
Michigan State
78%
2008-
09
Michigan State
78%
Year
Upsetting School
% Correct
2013-
14
Michigan State
78%
2000-
01
Clemson
77.3%
2005-
06
Georgetown
77.3%
2002-
03
LSU
76.6%
2005-
06
LSU
76.6%
2012-
13
Butler
76.6%
2005-
06
Villanova
75.9%
2002-
03
Utah
75.2%
2004-
05
Ohio State
74.5%
2006-
07
Ohio State
74.5%
2009-
10
South Carolina
73.8%
2009-
10
Kansas State
69.5%
2009-
10
Oklahoma State
69.5%
2010-
11
Kansas State
69.5%
2008-
09
Boston College
68.8%
2013-
14
Boston College
68.8%
1999-
00
Xavier
66.7%
2002-
03
Marquette
66.7%
2003-
04
Xavier
66.7%
2011-
12
Notre Dame
66%
2001-
02
Florida State
65.2%
2005-
06
Florida State
65.2%
2008-
09
Florida State
65.2%
2010-
11
Florida State
65.2%
2013-
14
University of California
63.8%
2011-
12
UNLV
61.7%
1999-
00
Temple
60.3%
2003-
04
North Carolina State
56%
2012-
13
North Carolina State
56%
2008-
09
Providence
53.9%
2012-
13
Wichita State
46.1%
2012-
13
Miami (FL)
6.4%
Quiz Playlist
Details
Report
Send in Message
Add To Playlist
Classic:
Type in answers that appear in a list
Last Updated: Feb 16, 2017
Quiz Scoreboard
CHALLENGE
Sign Up to Join the Scoreboard
Show All
Scores
Hide
Comments
May contain spoilers
Recently Published
Holiday 10x10 Sorting Gallery
by lukepisani3
Holiday
15m
Two Season TV Shows II
by 123Four
Television
10m
Image Sorting: Flags VI
by Barbecue
Geography
2m
More to Explore
Quiz From the Vault
Featured Blog Post
14 Easter Pick-up Lines to Find Eggs With
hide this ad
You Might Also Like...
Tags
NCAA Quiz
D1 NCAA
March Madness
NCAA Basketball
Total NCAA
Today's Top Quizzes in Sports
Browse Sports
hide this ad
Today's Top Quizzes in NCAA
Browse NCAA
Top Contributed Quizzes in Sports
1
Les meilleurs buteurs des matchs entre le PSG et l’OM
2
Les entraîneurs de l'OM et du PSG au 21e siècle
3
2022 World Cup Stars
4
Les joueurs passés par le PSG et l'OM
5
Players with Multiple 50 Home Run Seasons
6
FIFA Club World Cup Champions
7
Top 10 NHL Goal Scorers of All Time
8
Les joueurs passés par le LOSC et le RC Lens
9
Criteria MLB: Left Handed Sluggers
10
2023 MLB Unique Player Accomplishments
Explore More
Trending Topics
Kpop
NBA
Marvel
Disney
Crossword
Anime
Harry Potter
Puzzle
Country
Soccer
Pokémon
WWE
The Office
NFL
Song
hide this ad
More By:
kylernelson1522
Quiz
Plays
Rating
Category
Featured
Created
Starting Lineups during Michael Jordan's Career
287
5.00
Sports
Jan 14, 2016
Kansas Basketball All-Americans
257
3.00
Sports
Jan 12, 2016
Kansas Jayhawks ESPN Top 100 Recruits
212
Sports
Jan 13, 2016
Kansas Basketball Players in the NBA
166
1.00
Sports
Jan 12, 2016
Kansas Basketball Top 20 All-Time Points Leaders
158
1.00
Sports
Jan 12, 2016
Go to Creator's Profile
Score Distribution
Quiz Creator Spotlight
kylernelson1522
Follow
Send a Message
Quizzes Created
-
Created Quiz Play Count
-
More By This Creator
Popular Quizzes Today
1
Find the US States - No Outlines Minefield
2
Colored Red Africa Blitz
3
Find the 'City' Movie
4
The Countries of the World
5
5x2 Blitz: Bands
6
Find the Countries of Europe - No Outlines Minefield
7
Find the US States
8
US States
More Sports Quizzes
MLB: Third Basemen With 2,000+ Career Hits
Published
Trending Quizzes
Colored Red Europe Blitz I
Colored Red Europe Blitz II
Colored Red Africa Blitz II
Colored Red Europe Blitz III
Colored Red Africa Blitz III
Recently Updated
Odd Team Out - Big 4 Players
pecheneg
Quick Pick: 20 Twenties
pecheneg
March Madness Men's Triple Doubles
pecheneg
How Do You Spell That?
pecheneg
Godzilla Movies
pecheneg
Grab Bag: 4-10 Letters
pecheneg
2024 March Madness Bracket
pecheneg
Famous TV Couples
Peacemaker
Champions League XIs: Real Madrid
pecheneg
Largest US Cities 1790-2010
pecheneg
Trending Topics
Disney
NBA
Crossword
Marvel
Kpop
Harry Potter
Anime
Country
The Office
WWE
NFL
Pokémon
Puzzle
Song
Soccer
Your Account Isn't Verified!
In order to create a playlist on Sporcle, you need to verify the email address you used during registration. Go to your
Sporcle Settings
to finish the process.
Report this User
Report this user for behavior that violates our
Community Guidelines
.
Details:
Send Report
Go to the Sporcle.com Mobile Site →
Comments